Statistics for They Shoot Pictures, Don't They? - films 901 to 920

Click here to take the quiz!

General Stats

  • This quiz has been taken 11 times
  • The average score is 7 of 20

Answer Stats

Answer% Correct
Monty Python and the Holy Grail
100%
Saving Private Ryan
89%
The Last Temptation of Christ
67%
Othello
44%
Anatomy of a Murder
33%
Deep Red
33%
Simon of the Desert
33%
Wendy and Lucy
33%
Atlantics
22%
Cemetery of Splendour
22%
Cría cuervos
22%
From the Clouds to the Resistance
22%
Mothlight
22%
Night of the Demon
22%
People on Sunday
22%
Portrait of Jennie
22%
The Criminal Life of Archibaldo de la Cruz
22%
Tongues Untied
22%
Zorns Lemma
22%
Seventh Hour
11%

Score Distribution

Percentile by Number Answered

Percent of People with Each Score

Your Score History

You have not taken this quiz